000 00913cam a2200289 a 4500
001 17469987
005 20180124044746.0
008 120920s2013 njua b 001 0 eng
010 _a 2012038458
020 _a9781119991533 (pbk.)
020 _a9781118509975 (ebk)
020 _a9781118509999 (ebk)
020 _a9781118509982 (ebk)
040 _aDLC
_cDLC
_dDLC
041 _aeng
042 _apcc
043 _ae-uk---
080 _a658.3 sco
082 0 0 _a658.3 sco
_223
100 _a52
101 _abnj
245 0 0 _aManaging human resources :
_cedited by Stephen Bach and Martin R. Edwards.
504 _aIncludes bibliographical references and index.
906 _a7
_bcbc
_corignew
_d1
_eecip
_f20
_gy-gencatlg
942 _2ddc
_cBK
999 _c40841
_d40841